00477 a2200169 450000100060000002000220000604000240002810000210005224000320007324500270010530000070013236200090013965000310014894200070017995201040018699900170029047605 a978-85-209-2477-8 cAnchieta - Aquarius aKaskus, Márcia10aO baú do Seu Machadolpor10aO baú do Seu Machado a310 a2010 4aLiteratura infanto-juvenil cBK 00104070a87.1b87.1d2023-11-21l0o028.5 ELE BAUp6399/AQUr2023-11-21 15:14:29w2023-11-21yBK c47605d47605